000 00345nam a2200145Ia 4500
008 191201s2012 xx 000 0 und d
082 _a658.8142
_bKAE
100 _aKALKOTA, Ravi
245 0 _aE-Business 2.0: Roadmap For Success
250 _a7th IMP
260 _aN.Delhi
_bPearson
_c2012
300 _a544
650 _aMBA
942 _2ddc
_cBK
999 _c5327
_d5327